Mercado de trabajo y la dinámica del desarrollo urbano: Costa Rica y Honduras, 1978-1984. Tomo I /

Shranjeno v:
Bibliografske podrobnosti
Glavni avtor: Lavell, Allan
Drugi avtorji: Argüello Rodríguez, Manuel Cornick, Jorge
Format: Texto
Izdano: San José: CSUCA. UNA. PISPAL. IAF. SAREC
Oznake: Označite
Brez oznak, prvi označite!

MARC

LEADER 00000 a a2200000 04500
001 21170
003
040
090 |a 092000  
100 |a Lavell, Allan  
245 |a Mercado de trabajo y la dinámica del desarrollo urbano: Costa Rica y Honduras, 1978-1984. Tomo I /  |c Allan Lavell 
260 |a San José:   |b CSUCA. UNA. PISPAL. IAF. SAREC  
300 |a 150 p.  
700 |a Argüello Rodríguez, Manuel   |a Cornick, Jorge  
999 |c 5360  |d 5360